[Event "Caracas Hybrid Rapid op"]
[Site "Caracas"]
[Date "2022.09.17"]
[Round "6"]
[White "Scoon, Kalel"]
[Black "Condori Corimayhua, Daniel Arturo"]
[Result "0-1"]
[WhiteElo "1026"]
[BlackElo "1804"]
[PlyCount "42"]
[EventDate "2022.09.17"]
[EventType "swiss"]
[EventRounds "11"]
[EventCountry "VEN"]
[SourceTitle "EXT 2023"]
[Source "ChessBase"]
[SourceDate "2022.10.05"]
[SourceVersion "1"]
[SourceVersionDate "2022.10.05"]
[SourceQuality "1"]

1. e4 e6 2. Nc3 d5 3. exd5 exd5 4. Qe2+ Be7 5. d4 Nf6 6. Bg5 0-0 7. Nf3 Bb4 8. Bxf6 Qxf6 9. Qd2 Re8+ 10. Be2 c6 11. 0-0 Bg4 12. h3 Bh5 13. Rfe1 Nd7 14. Bd3 Bxf3 15. Rxe8+ Rxe8 16. gxf3 Qxf3 17. Qd1 Qxh3 18. a3 Bd6 19. f3 Bh2+ 20. Kf2 Qg3+ 21. Kf1 Qg1# 0-1